| 000 | 01056nam2a22002411 4500 | ||
|---|---|---|---|
| 001 | rc\723399 | ||
| 005 | 20250621230322.0 | ||
| 010 | _a5-300-01083-9 | ||
| 035 | _a(NLR Aleph) 005966659 | ||
| 090 |
_a6900565 _c6900565 |
||
| 100 | _a20031121d1997 |||y0rusy50 ca | ||
| 101 | 0 | _arus | |
| 102 | _aRU | ||
| 105 | _aa ||||||||| | ||
| 200 | 1 |
_aСултан и его враги, или Тайны константинопольского двора _hКн. 3-4 _iЖелезный граф _eИст. романы _f[Пер. М. Брайниса, О. Азарьева] |
|
| 210 |
_d1997 _aБ. м. |
||
| 215 |
_a415 с. _cил. |
||
| 461 | 0 |
_1001rc\215362 _12001#$aДворцовые тайны$e[Пер. с нем.]$fГеорг Ф. Борн$vТ. 8 _1700#1$aБорн$bГ.$gГеорг$f1837-1902 _96511919 _aБорн, Г. (1837-1902) _cМ. _d1997 _fГеорг Ф. Борн _nТерра _o[Пер. с нем.] _tДворцовые тайны _y5300002992 _vТ. 8 |
|
| 801 | 0 |
_aRU _bNLR _gpsbo |
|
| 801 | 1 |
_aRU _bELAR _2rusmarc |
|
| 852 |
_aNLR _j96-5/1247 |
||
| 942 | _cBOOK | ||
| 980 | _aNB | ||